00688nam a2200157Ia 4500008004100000100002000041245013800061245008900199260005300288260000900341300001200350650001500362856006100377999001900438952007300457170221s9999 xx 000 0 und d aMozhdeh Mokhber aImpact of Entrepreneurial Leadership on Organization Demand for Innovation: Moderating Role of Employees’ Innovative Self-Efficacy  cMozhdeh Mokhber, Gi G. Tan, Amin Vakilbashi, Nor Aiza Mohd Zamil, Rohaida Basiruddin bInternational Review of Management and Marketing c2016 a15 : 19 xMarketing. uhttp://www.econjournals.com/index.php/irmm/issue/view/82 c312079d312079 001040aCLbCLd2017-02-21l0r2017-02-21 00:00:00w2017-02-21yFOJ